|
|
|
|
| LEADER |
01522nam a2200457 4500 |
| 001 |
ocn817823536 |
| 003 |
OCoLC |
| 005 |
20170124071011.4 |
| 006 |
m o d |
| 007 |
cr un|---uuuuu |
| 008 |
121013s2012 xx o 000 0 eng d |
| 040 |
|
|
|a IDEBK
|b eng
|e pn
|c IDEBK
|d CDX
|d OCLCO
|d OCLCQ
|d OCLCF
|d UKDOC
|d OCLCO
|d DEBBG
|d DG1
|d OCLCQ
|d GrThAP
|
| 019 |
|
|
|a 813398520
|a 813535325
|
| 020 |
|
|
|a 9781119205371
|q (electronic bk.)
|
| 020 |
|
|
|a 1119205379
|q (electronic bk.)
|
| 020 |
|
|
|z 1283646129
|
| 020 |
|
|
|z 9781283646123
|
| 020 |
|
|
|z 661395862X
|
| 020 |
|
|
|z 9786613958624
|
| 029 |
1 |
|
|a DEBBG
|b BV041905046
|
| 029 |
1 |
|
|a GBVCP
|b 85657046X
|
| 029 |
1 |
|
|a DEBBG
|b BV043395185
|
| 035 |
|
|
|a (OCoLC)817823536
|z (OCoLC)813398520
|z (OCoLC)813535325
|
| 050 |
|
4 |
|a HD30.28
|b .I83 2013eb
|
| 082 |
0 |
4 |
|a 658.4/038
|2 23
|
| 049 |
|
|
|a MAIN
|
| 245 |
0 |
0 |
|a Win with Advanced Business Analytics.
|
| 264 |
|
1 |
|b Wiley
|c 2012.
|
| 300 |
|
|
|a 1 online resource (418 pages)
|
| 336 |
|
|
|a text
|b txt
|2 rdacontent
|
| 337 |
|
|
|a computer
|b c
|2 rdamedia
|
| 338 |
|
|
|a online resource
|b cr
|2 rdacarrier
|
| 650 |
|
0 |
|a Business planning.
|
| 650 |
|
0 |
|a Industrial management
|x Statistical methods.
|
| 650 |
|
7 |
|a Business planning.
|2 fast
|0 (OCoLC)fst00842819
|
| 650 |
|
7 |
|a Industrial management
|x Statistical methods.
|2 fast
|0 (OCoLC)fst00971330
|
| 655 |
|
4 |
|a Electronic books.
|
| 700 |
1 |
|
|a Harriott, Jesse.
|4 aut
|
| 720 |
|
|
|a Isson, Jean-Paul.
|
| 856 |
4 |
0 |
|u https://doi.org/10.1002/9781119205371
|z Full Text via HEAL-Link
|
| 994 |
|
|
|a 92
|b DG1
|